| 000 | 00472nam a2200157 i 4500 | ||
|---|---|---|---|
| 001 | 44923 | ||
| 003 | ES-MaACL | ||
| 005 | 20230906161123.0 | ||
| 007 | t| | ||
| 008 | 030324s1883 cl ||||1| spa d | ||
| 245 | 0 | 0 |
_aCódigo penal de la República de Chile / _ccomentado por Robustiano Vera. |
| 260 |
_aSantiago de Chile : _b[s.n.], _c1883 ( _fImp. de P. Cadot y Cia.) |
||
| 300 |
_a840 p. ; _c24 cm. |
||
| 700 | 1 |
_aVera, Robustiano. _9113952 |
|
| 852 |
_aES-MaACL _jF-9375 |
||
| 999 |
_c44923 _d44923 |
||